| 000 | 00473nam a2200193Ia 4500 | ||
|---|---|---|---|
| 005 | 20250423100951.0 | ||
| 008 | 250422s9999 xx 000 0 und d | ||
| 020 | _a9783677489 | ||
| 050 | _aKP 100 .B2/ | ||
| 100 | _aBambale, Yahaya Yunusa | ||
| 245 | 0 | _aSome aspects of Islamic law of torts | |
| 250 | _a2nd ed. | ||
| 260 | _aKaduna | ||
| 260 | _bFaith Printer International | ||
| 260 | _c2008 | ||
| 300 | _a58 p | ||
| 650 | _aIslamic law of torts | ||
| 942 | _cBK | ||
| 999 |
_c34885 _d34885 |
||